000 00875nam a2200253Ia 4500
003 OSt
005 20220923215009.0
006 a|||||r|||| 00| 0
007 ta
008 220922b |||||||| |||| 00| 0 hin d
024 _a174,687
037 _cTextual
040 _aARTS
_cARTS
_bhin
041 _2hin
_ahin
082 _aO152(Y11):g, M5
100 _aदेवसरे, हरिकृष्ण
_9156292
245 0 _aहिन्दी बालसाहित्य
_b एक अध्ययन
246 _aHindī bālasāhitya: ek adhyayana
260 _aदिल्ली
_b आत्मा राम एंड संस
_c1985
300 _a414पृ.
_ccm.
650 _aहिन्दी साहित्य
_9156264
942 _hO152(Y11):g, M5
_cTEXL
_2CC
999 _c328391
_d328391